| 000 | 01693nam a2200385 a 4500 | ||
|---|---|---|---|
| 001 | ebr10394868 | ||
| 003 | CaPaEBR | ||
| 006 | m u | ||
| 007 | cr cn||||||||| | ||
| 008 | 100511s2010 njua s 001 0 eng | ||
| 010 | _z 2010928474 | ||
| 020 | _z9780470607466 (pbk : alk. paper) | ||
| 020 | _z0470607467 (pbk : alk. paper) | ||
| 020 | _z9780470901397 (e-book) | ||
| 040 |
_aCaPaEBR _cCaPaEBR |
||
| 035 | _a(OCoLC)832512951 | ||
| 050 | 1 | 4 |
_aT385 _b.S65 2010eb |
| 100 | 1 | _aSmith, Jennifer E. | |
| 245 | 1 | 0 |
_aAdobe Creative Suite 5 design premium all-in-one for dummies _h[electronic resource] / _cby Jennifer Smith, Christopher Smith, and Fred Gerantabee. |
| 260 |
_aHoboken, N.J. : _bWiley Pub., Inc., _c2010. |
||
| 300 |
_axxiv, 984 p. : _bill. |
||
| 500 | _aIncludes index. | ||
| 505 | 0 | _abk. 1. Adobe Creative Suite 5 basics -- bk. 2. InDesign CS5 -- bk. 3. Illustrator CS5 -- bk. 4. Photoshop CS5 -- bk. 5. Acrobat 9.0 -- bk. 6. Dreamweaver CS5 -- bk. 7. Flash Professional CS5 -- bk. 8. Fireworks CS5. | |
| 533 |
_aElectronic reproduction. _bPalo Alto, Calif. : _cebrary, _d2010. _nAvailable via World Wide Web. _nAccess may be limited to ebrary affiliated libraries. |
||
| 630 | 0 | 0 | _aAdobe Creative Suite (Computer file) |
| 650 | 0 | _aComputer graphics. | |
| 650 | 0 |
_aWeb sites _xAuthoring programs. |
|
| 650 | 0 | _aDesktop publishing. | |
| 650 | 0 |
_aGraphic arts _xComputer programs. |
|
| 655 | 7 |
_aElectronic books. _2local |
|
| 700 | 1 | _aSmith, Christopher. | |
| 700 | 1 | _aGerantabee, Fred. | |
| 710 | 2 | _aebrary, Inc. | |
| 856 | 4 | 0 |
_uhttp://site.ebrary.com/lib/rucke/Doc?id=10394868 _zAn electronic book accessible through the World Wide Web; click to view |
| 999 |
_c190430 _d190430 |
||